Statistiques concernant Les pays contenant entre 20 % et 30 % de sunnites

Cliquez ici pour prendre le quiz!

Statistiques générales

  • Ce quiz a été pris 5 fois
  • Le résultat moyen est 4 sur 6

Statistiques - réponses

Hint Answer % Correct
29,02 %Albanie
100%
23,71 %Liban
100%
27,20 %Côte d'Ivoire
100%
28,68 %Macédoine
50%
28,58 %Tanzanie
0%
25,08 %Bahreïn
0%

Distribution des résultats

Percentile by Number Answered

% des personnes avec chaque résultat

Votre développement - résultats

Vous n’avez pas pris ce quiz